000 01075nam a2200241Ia 4500
001 19495
003 GE_BSU
008 181216s||||||||xx |||||||||||||| ||und||
040 _cGE_BSU
080 _a81(479.22)(092)
100 _aკინწურაშვილი კ.
245 _aპეტერბურგელი ქართველოლოგები დავით ჩუბინაშვილი, ალექსანდრე ცაგარელი
245 _cრედ.: მ. ქავთარია
260 _aთბილისი
260 _bგანათლება
260 _c1986
300 _a245გვ; 21სმ.
300 _bბიბლიოგრ. ტექსტის შენიშვნ.
541 _h3ლ.
653 _aპეტერბურგელი ქართველოლოგები დავით ჩუბინაშვილი, ალექსანდრე ცაგარელი
653 _aქართველი ენათმეცნიერები;
942 _cBK
999 _c52472
_d52472